000 01018nam a22002177a 4500
005 20250829190631.0
008 240816b ||||| |||| 00| 0 eng d
082 _aDPer 155.205 J826 July-September 2020 v. 119 n. 1-3
100 _aLivingstone, Andrew G.
_eauthor.
_958062
245 _a" They just don't understand us" :
_bthe role of felt understanding in intergroup relations /
_cAndrew G. Livingstone, Lucia Fernandez Rodriguez, and Adrian Rothers.
260 _aWashington ;
_bAmerican Psychological Association ,
_cSeptember 2020.
300 _aVolume 119, pages 633-656 :
_billustration ;
_c27 cm.
500 _aJournal of Personality and Social Psychology , vol. 119, no. 3, pages 633-656, September 2020.
650 _aPsychology.
_960966
650 _aInterpersonal relations.
_960967
650 _aPrejudices.
_918440
700 _aLivingstone, Andrew G.
_eauthor.
_958062
700 _aRodriguez, Lucia Fernandez.
_eauthor.
_958063
700 _aRothers, Adrian.
_eauthor.
_958064
942 _2ddc
_cPER
999 _c20553
_d20553